Biografický slovník zvonolejárov činných na Slovensku v druhom tisícročí
Enregistré dans:
| Auteur principal: | |
|---|---|
| Format: | Livre |
| Publié: |
Bratislava :
Pamiatkový úrad,
2002
|
| Tags: |
Pas de tags, Soyez le premier à ajouter un tag!
|
MARC
| LEADER | 00000nam a22000003a 4500 | ||
|---|---|---|---|
| 001 | stu91739 | ||
| 005 | 20150617225951.0 | ||
| 008 | 041123s2002----------------------------d | ||
| 020 | |a 80-968632-5-8 | ||
| 040 | |a STU |b slo | ||
| 041 | 0 | ||
| 100 | 1 | |a Spiritza, Juraj |4 aut | |
| 245 | 1 | |a Biografický slovník zvonolejárov činných na Slovensku v druhom tisícročí | |
| 260 | |a Bratislava : |b Pamiatkový úrad, |c 2002 | ||
| 300 | |a 105 s | ||
| 996 | |c A*4079 |l AA3130 |s P |a 0 |w stu91739_0001 | ||
| 996 | |b 284V018141 |c V*9033/K-2181 |l VVT |s A |a 24 |w stu91739_0002 | ||